[Event "Titled Tuesday intern op 01st Aug Early"]
[Site "Chess.com INT"]
[Date "2023.08.01"]
[Round "7"]
[White "Bouget, Alexandre"]
[Black "Atanasov, Radoslav"]
[Result "0-1"]
[WhiteElo "2229"]
[BlackElo "1965"]
[PlyCount "62"]
[EventDate "2023.08.01"]
[EventType "swiss (blitz)"]
[EventRounds "11"]
[EventCountry "USA"]
[SourceTitle "EXT 2024"]
[Source "ChessBase"]
[SourceDate "2023.10.10"]
[SourceVersion "1"]
[SourceVersionDate "2023.10.10"]
[SourceQuality "1"]

1. d4 Nf6 2. c4 c5 3. d5 e6 4. Nc3 exd5 5. cxd5 d6 6. e4 g6 7. f4 Bg7 8. e5 Nfd7 9. Nb5 dxe5 10. Nd6+ Ke7 11. Nxc8+ Qxc8 12. Nf3 Re8 13. f5 Kf8 14. Be2 e4 15. Ng5 gxf5 16. 0-0 Kg8 17. Bh5 Ne5 18. g4 Nbd7 19. gxf5 Nf6 20. Kh1 Qd7 21. d6 Qc6 22. Be3 Rad8 23. Rg1 Rxd6 24. Qe2 Rd3 25. Rae1 Rxe3 26. Qxe3 Nxh5 27. Qh3 e3+ 28. Rg2 Nd3 29. Qxh5 Nxe1 30. Qxf7+ Kh8 31. Nf3 Nxg2 0-1

[Event "Titled Tuesday intern op 01st Aug Early"]
[Site "Chess.com INT"]
[Date "2023.08.01"]
[Round "4"]
[White "Devaev, Alexander"]
[Black "Atanasov, Radoslav"]
[Result "0-1"]
[WhiteElo "2325"]
[BlackElo "1965"]
[PlyCount "62"]
[EventDate "2023.08.01"]
[EventType "swiss (blitz)"]
[EventRounds "11"]
[EventCountry "USA"]
[SourceTitle "EXT 2024"]
[Source "ChessBase"]
[SourceDate "2023.10.10"]
[SourceVersion "1"]
[SourceVersionDate "2023.10.10"]
[SourceQuality "1"]

1. d4 Nf6 2. c4 c5 3. d5 e6 4. Nc3 exd5 5. cxd5 d6 6. e4 g6 7. Nf3 Bg7 8. h3 0-0 9. Bd3 b5 10. Nxb5 Re8 11. 0-0 Nxe4 12. Qa4 Bd7 13. Re1 f5 14. Qa3 Bxb5 15. Bxb5 Nd7 16. Bc6 Rb8 17. Qxa7 Re7 18. Bf4 Ne5 19. Qa3 Nxc6 20. dxc6 Bxb2 21. Qd3 Bxa1 22. Rxa1 Qe8 23. Qd5+ Qf7 24. Qd1 Rc7 25. Qa4 Qd5 26. Rd1 Qxc6 27. Qc4+ Kg7 28. Ng5 Nxg5 29. Bxg5 Re8 30. Bf4 Qe4 31. Qc3+ Kg8 0-1

[Event "Titled Tuesday intern op 01st Aug Early"]
[Site "Chess.com INT"]
[Date "2023.08.01"]
[Round "1"]
[White "Pinero Rodriguez, Carlos Jose"]
[Black "Atanasov, Radoslav"]
[Result "1-0"]
[WhiteElo "2246"]
[BlackElo "1965"]
[PlyCount "97"]
[EventDate "2023.08.01"]
[EventType "swiss (blitz)"]
[EventRounds "11"]
[EventCountry "USA"]
[SourceTitle "EXT 2024"]
[Source "ChessBase"]
[SourceDate "2023.10.10"]
[SourceVersion "1"]
[SourceVersionDate "2023.10.10"]
[SourceQuality "1"]

1. b3 e5 2. Bb2 Nc6 3. e3 Nf6 4. c4 Be7 5. a3 0-0 6. Qc2 d5 7. cxd5 Nxd5 8. Nf3 f6 9. Be2 Be6 10. d3 Qd7 11. Nbd2 Rad8 12. 0-0 a5 13. Rac1 Qe8 14. Ne4 Qg6 15. Kh1 Nb6 16. Nc5 Bxc5 17. Qxc5 Bxb3 18. d4 Bd5 19. Rg1 e4 20. Nd2 f5 21. g3 Rf6 22. h4 Rdf8 23. Nc4 Qf7 24. Nxb6 cxb6 25. Qxd5 Qxd5 26. Bc4 Ne7 27. Bxd5+ Nxd5 28. a4 Rc6 29. Kg2 Rfc8 30. Rxc6 Rxc6 31. Rb1 Rc2 32. Kf1 Nb4 33. d5 Nd3 34. Bd4 Rxf2+ 35. Kg1 Ra2 36. Rxb6 Rxa4 37. Rxb7 Rb4 38. Rxg7+ Kf8 39. Ra7 a4 40. d6 Rb1+ 41. Kg2 Ne1+ 42. Kf2 Nd3+ 43. Ke2 Nc1+ 44. Kd1 Nb3+ 45. Kc2 Nxd4+ 46. Kxb1 Ne6 47. Rxh7 Ke8 48. Re7+ Kd8 49. Rxe6 1-0

[Event "Titled Tuesday intern op 25th Jul Early"]
[Site "Chess.com INT"]
[Date "2023.07.25"]
[Round "3"]
[White "Herman, Daniel"]
[Black "Atanasov, Radoslav"]
[Result "0-1"]
[WhiteElo "1928"]
[BlackElo "1965"]
[PlyCount "80"]
[EventDate "2023.07.25"]
[EventType "swiss (blitz)"]
[EventRounds "11"]
[EventCountry "USA"]
[SourceTitle "EXT 2024"]
[Source "ChessBase"]
[SourceDate "2023.10.10"]
[SourceVersion "1"]
[SourceVersionDate "2023.10.10"]
[SourceQuality "1"]

1. d4 Nf6 2. c4 c5 3. d5 e6 4. Nc3 exd5 5. cxd5 d6 6. Bf4 a6 7. a4 g6 8. h3 Bg7 9. e3 0-0 10. Nf3 Qe7 11. Be2 Nbd7 12. Nd2 Ne8 13. 0-0 Rb8 14. Nc4 Ne5 15. Nb6 Bd7 16. Bh2 f5 17. Qc2 Nf6 18. Rab1 Qd8 19. Nxd7 Qxd7 20. b4 Rfc8 21. b5 c4 22. Rfd1 axb5 23. Nxb5 Rc5 24. Nc3 Rbc8 25. Rb5 Nd3 26. Rxc5 Nxc5 27. Bxc4 Nfe4 28. Nxe4 Nxe4 29. Qd3 Qxa4 30. Rc1 b5 31. Qc2 Qxc2 32. Rxc2 Rxc4 33. f3 Rxc2 34. fxe4 fxe4 35. Bxd6 Bc3 36. Bc5 b4 37. d6 Rd2 38. Kf1 b3 39. Ba3 b2 40. Bxb2 Bxb2 0-1

[Event "Titled Tuesday intern op 11th Jul Early"]
[Site "Chess.com INT"]
[Date "2023.07.11"]
[Round "11"]
[White "Atanasov, Radoslav"]
[Black "Ahmad, Khagan"]
[Result "1-0"]
[WhiteElo "1965"]
[BlackElo "2340"]
[PlyCount "39"]
[EventDate "2023.07.11"]
[EventType "swiss (blitz)"]
[EventRounds "11"]
[EventCountry "USA"]
[SourceTitle "EXT 2024"]
[Source "ChessBase"]
[SourceDate "2023.10.10"]
[SourceVersion "1"]
[SourceVersionDate "2023.10.10"]
[SourceQuality "1"]

1. e4 c5 2. c3 Nf6 3. e5 Nd5 4. d4 cxd4 5. Nf3 e6 6. cxd4 Nc6 7. a3 d6 8. Bd3 Be7 9. 0-0 0-0 10. Re1 a6 11. Qe2 b5 12. Qc2 Bb7 13. Bxh7+ Kh8 14. Be4 Rc8 15. Qe2 Na5 16. Ng5 g6 17. Qg4 Bxg5 18. Bxg5 Qb6 19. Qh4+ Kg8 20. Bxd5 1-0

[Event "Titled Tuesday intern op 11th Jul Early"]
[Site "Chess.com INT"]
[Date "2023.07.11"]
[Round "5"]
[White "Atanasov, Radoslav"]
[Black "Herman, Daniel"]
[Result "1-0"]
[WhiteElo "1965"]
[BlackElo "1928"]
[PlyCount "101"]
[EventDate "2023.07.11"]
[EventType "swiss (blitz)"]
[EventRounds "11"]
[EventCountry "USA"]
[SourceTitle "EXT 2024"]
[Source "ChessBase"]
[SourceDate "2023.10.10"]
[SourceVersion "1"]
[SourceVersionDate "2023.10.10"]
[SourceQuality "1"]

1. e4 e5 2. Nf3 Nc6 3. Bb5 a6 4. Ba4 Nf6 5. 0-0 Nxe4 6. d4 d5 7. dxe5 Bc5 8. Nbd2 Nxf2 9. Rxf2 0-0 10. Bxc6 bxc6 11. Nf1 Bxf2+ 12. Kxf2 f6 13. Kg1 fxe5 14. Nxe5 Qh4 15. Nf3 Qh5 16. Ng3 Qg6 17. Be3 Bg4 18. Bc5 Rfe8 19. Qd4 Bxf3 20. gxf3 Qxc2 21. Rf1 Re6 22. Rf2 Qb1+ 23. Kg2 Rae8 24. f4 Re1 25. f5 Rg1+ 26. Kh3 Rd1 27. f6 gxf6 28. Qxf6 Qg6 29. Qf8+ Rxf8 30. Rxf8+ Kg7 31. Nf5+ Qxf5+ 32. Rxf5 Kg6 33. Rf4 Rc1 34. b4 Rc3+ 35. Kg2 Rc2+ 36. Rf2 Rc3 37. Rf6+ Kg5 38. Rxc6 Rc2+ 39. Kg3 Rc3+ 40. Kf2 Rc2+ 41. Kf3 Rxa2 42. Be3+ Kf5 43. Rxc7 Rxh2 44. Rf7+ Ke6 45. Ra7 Rh3+ 46. Ke2 Rh2+ 47. Kd3 Rb2 48. Rxa6+ Kf5 49. Kc3 Re2 50. Bd4 Rf2 51. Rf6+ 1-0

[Event "Titled Tuesday intern op 11th Jul Early"]
[Site "Chess.com INT"]
[Date "2023.07.11"]
[Round "3"]
[White "Atanasov, Radoslav"]
[Black "Nihal, Sarin"]
[Result "0-1"]
[WhiteElo "1965"]
[BlackElo "2688"]
[PlyCount "86"]
[EventDate "2023.07.11"]
[EventType "swiss (blitz)"]
[EventRounds "11"]
[EventCountry "USA"]
[SourceTitle "EXT 2024"]
[Source "ChessBase"]
[SourceDate "2023.10.10"]
[SourceVersion "1"]
[SourceVersionDate "2023.10.10"]
[SourceQuality "1"]

1. e4 c5 2. c3 e5 3. Nf3 Nc6 4. d4 cxd4 5. cxd4 exd4 6. Nxd4 Nf6 7. Nc3 Bb4 8. Nxc6 dxc6 9. Bd3 Bg4 10. Qc2 0-0 11. 0-0 Be6 12. Bg5 h6 13. Bh4 Be7 14. Rad1 Nd7 15. Bxe7 Qxe7 16. f4 Rfd8 17. f5 Bc4 18. Kh1 Bxd3 19. Rxd3 Ne5 20. Rg3 f6 21. Ne2 Qb4 22. Nf4 Rd2 23. Qb3+ Qxb3 24. axb3 Kh7 25. Ne6 Rg8 26. h3 a5 27. Ra1 b6 28. b4 axb4 29. Ra7 Rd7 30. Ra6 b5 31. Rb3 h5 32. Rxb4 h4 33. Rb3 Rd1+ 34. Kh2 Rd2 35. Ra7 Kh6 36. Rc7 g6 37. Nf4 g5 38. Ne6 g4 39. Kg1 g3 40. Kf1 Rf2+ 41. Ke1 Rxg2 42. Re3 Ra8 43. Kf1 Rf2+ 0-1

[Event "Titled Tuesday intern op 11th Jul Early"]
[Site "Chess.com INT"]
[Date "2023.07.11"]
[Round "1"]
[White "Malyi, Viacheslav"]
[Black "Atanasov, Radoslav"]
[Result "1/2-1/2"]
[WhiteElo "2391"]
[BlackElo "1965"]
[PlyCount "155"]
[EventDate "2023.07.11"]
[EventType "swiss (blitz)"]
[EventRounds "11"]
[EventCountry "USA"]
[SourceTitle "EXT 2024"]
[Source "ChessBase"]
[SourceDate "2023.10.10"]
[SourceVersion "1"]
[SourceVersionDate "2023.10.10"]
[SourceQuality "1"]

1. e4 e5 2. Nf3 Nc6 3. Bb5 a6 4. Ba4 Nf6 5. 0-0 Nxe4 6. d4 b5 7. Bb3 d5 8. dxe5 Be6 9. Nbd2 Nc5 10. c3 d4 11. Ng5 Qxg5 12. Qf3 0-0-0 13. Bxe6+ fxe6 14. Qxc6 Qxe5 15. Nf3 Qd5 16. Nxd4 e5 17. Qxd5 Rxd5 18. Nf3 e4 19. Ng5 Be7 20. Nh3 Nd3 21. Rb1 Nxc1 22. Rfxc1 Rd2 23. Kf1 Bc5 24. Rd1 Rhd8 25. Ke1 e3 26. Rxd2 Rxd2 27. g3 Kb7 28. a3 Kc6 29. b4 Bb6 30. Rd1 Rc2 31. fxe3 Bxe3 32. Rd3 Bb6 33. Ng5 Rxh2 34. Nf3 Rg2 35. Kf1 Rf2+ 36. Ke1 Ra2 37. Ne5+ Kb7 38. Rd7 Bf2+ 39. Kd1 Bxg3 40. Nf7 Rxa3 41. Kc2 Ra2+ 42. Kb3 Rf2 43. Re7 h5 44. Nd8+ Kc8 45. Ne6 h4 46. Rxg7 Be5 47. Rh7 Rh2 48. Nc5 Kd8 49. Ne6+ Ke8 50. Ng5 Rg2 51. Nf3 Bf6 52. Rh6 Kf7 53. Nxh4 Rg3 54. Rh7+ Ke6 55. Rxc7 Bxh4 56. Rc6+ Kd5 57. Rxa6 Rf3 58. Rb6 Bf6 59. Rxb5+ Kc6 60. Rc5+ Kb6 61. Rc4 Rxc3+ 62. Rxc3 Bxc3 63. Kxc3 Kb5 64. Kb3 Kb6 65. Kc4 Kc6 66. b5+ Kb6 67. Kb4 Kb7 68. Kc5 Kc7 69. Kb4 Kb6 70. Ka4 Kb7 71. Ka5 Ka7 72. b6+ Kb7 73. Kb5 Kb8 74. Kc5 Kb7 75. Kb5 Kb8 76. Ka6 Ka8 77. Ka5 Kb7 78. Kb5 1/2-1/2

[Event "BUL-chT2 64th"]
[Site "Sunny Beach"]
[Date "2015.06.04"]
[Round "5.3"]
[White "Ninov, Dayan"]
[Black "Atanasov, Radoslav"]
[Result "1/2-1/2"]
[WhiteElo "2142"]
[BlackElo "1985"]
[PlyCount "85"]
[EventDate "2015.05.31"]
[EventType "team-swiss"]
[EventRounds "7"]
[EventCountry "BUL"]
[SourceTitle "CBM 166 Extra"]
[Source "ChessBase"]
[SourceDate "2015.06.18"]
[SourceVersion "1"]
[SourceVersionDate "2015.06.18"]
[SourceQuality "1"]
[WhiteTeam "Vratsa"]
[BlackTeam "Pleven Spartak XXI"]
[WhiteTeamCountry "BUL"]
[BlackTeamCountry "BUL"]

1. d4 Nf6 2. c4 c5 3. d5 e6 4. Nc3 exd5 5. cxd5 d6 6. Nf3 g6 7. Nd2 Bg7 8. Nc4 0-0 9. Bf4 Ne8 10. Qd2 a6 11. a4 f5 12. e3 Qc7 13. Be2 Nd7 14. 0-0 Ne5 15. Bxe5 Bxe5 16. f4 Bxc3 17. Qxc3 Nf6 18. Bf3 Bd7 19. a5 Bb5 20. Nb6 Rae8 21. Rfe1 Ne4 22. Qc2 Rf7 23. Rac1 Qd8 24. b4 cxb4 25. Bxe4 Rxe4 26. Qd2 Qf6 27. Rb1 Qc3 28. Qxc3 bxc3 29. Nc8 Rf6 30. Nb6 c2 31. Ra1 Rb4 32. Rec1 Bd3 33. Kf2 Rf7 34. Ke1 Rc7 35. Kd2 Be4 36. Ra4 Rb5 37. g4 Kf7 38. h4 Rbc5 39. Rd4 Ke7 40. gxf5 gxf5 41. Na4 Rxd5 42. Nc3 Rxd4+ 43. exd4 1/2-1/2